| 000 | 00705nam a2200265Ia 4500 | ||
|---|---|---|---|
| 001 | 18453 | ||
| 003 | GE_BSU | ||
| 008 | 181216s||||||||xx |||||||||||||| ||und|| | ||
| 020 | _a9780787983673 | ||
| 040 | _cGE_BSU | ||
| 080 | _a331 | ||
| 100 | _aGordon,Virginia N. | ||
| 245 | _aCareer Advising | ||
| 245 | 3 | _bAn academic Advisor's Guide | |
| 250 | _aA publication of the National Academic Advising Association | ||
| 260 | _aSan Francisco | ||
| 260 | _bJossey-Bass | ||
| 260 | _c2006 | ||
| 300 | _a148p. 24cm. | ||
| 653 | _aAn academic Advisor's Guide | ||
| 653 | _aCareer Advising | ||
| 653 | _aკარიერა | ||
| 653 | _aშრომა,დასაქმება | ||
| 942 | _cBK | ||
| 999 |
_c51467 _d51467 |
||